Státní vyrovnávací příspěvek.
Nové právne predpisy upravujúce štátny vyrovnávací príspevok poskytovaný na vyrovnanie sociálnych dôsledkov zvyšovania niektorých maloobchodných cien. Osoby, ktoré majú nárok na vyrovnávací príspevok. Možnosť zvýšenia príspevku pre niektoré skupiny osôb.
Enregistré dans:
| Auteur principal: | |
|---|---|
| Autres auteurs: | |
| Format: | Chapitre de livre |
| Langue: | tchèque |
| Sujets: | |
| Tags: |
Pas de tags, Soyez le premier à ajouter un tag!
|
MARC
| LEADER | 00000naa a2200000 4500 | ||
|---|---|---|---|
| 001 | r001946 | ||
| 005 | 20250825075720.8 | ||
| 041 | 0 | |a cze | |
| 044 | |a [CS] | ||
| 245 | 1 | 0 | |a Státní vyrovnávací příspěvek. |c N. Břeská, J. Přib |
| 520 | |a Nové právne predpisy upravujúce štátny vyrovnávací príspevok poskytovaný na vyrovnanie sociálnych dôsledkov zvyšovania niektorých maloobchodných cien. Osoby, ktoré majú nárok na vyrovnávací príspevok. Možnosť zvýšenia príspevku pre niektoré skupiny osôb. | ||
| 610 | 2 | 0 | |a vyrovnanie cenové |
| 610 | 2 | 0 | |a ceny trhové |
| 610 | 2 | 0 | |a ceny maloobchodné |
| 610 | 2 | 0 | |a skupiny sociálne |
| 610 | 2 | 0 | |a skupiny vekové |
| 610 | 2 | 0 | |a skupiny pracovné |
| 610 | 2 | 0 | |a predpisy právne |
| 610 | 2 | 0 | |a ČSFR |
| 610 | 2 | 0 | |a 1990 |
| 100 | 1 | |a Břeská, N. | |
| 700 | 1 | |a Přib, Jan | |